000 00333nam a22001337a 4500
020 _qPB.
040 _cFIZZA ISHAQ
082 _a001.12
_bJAC
100 _aBARZUN,JACQUES.
_993911
245 _aTHE HOUSE OF INTELLECT /
_cJACQUES BARZUN.
260 _aNEW YORK ;
_bHARPER,
_c1959.
300 _a271 P. ;
_c7.9X5.2IN
942 _2ddc
_cBK
999 _c616421
_d616421